[Event "ESTCC U50 2018"]
[Site "Walbrzych"]
[Date "2018.04.15"]
[Round "2"]
[White "Sazonova, Elena N"]
[Black "Jones, Gareth"]
[Result "1/2-1/2"]
[WhiteElo "2139"]
[BlackElo "1858"]
[Annotator "TA"]
[PlyCount "56"]
[EventDate "2018.??.??"]
[EventCountry "POL"]
[SourceTitle "playchess.com"]
[Source "ChessBase"]
[SourceQuality "1"]
[WhiteTeam "Russia"]
[BlackTeam "England"]
[WhiteTeamCountry "RUS"]
[BlackTeamCountry "ENG"]

{[%evp 15,56,17,39,54,78,70,71,72,73,28,67,76,113,126,137,133,185,188,199,179,180,156,127,35,35,35,34,44,90,8,184,175,189,43,174,211,-24,-26,-37,-95,-106,-92,-39]} 1. e4 c5 2. Nf3 d6 3. d4 cxd4 4. Nxd4 Nf6 5. Nc3 a6 6. f3 e5 7. Nb3 Be7 8. Be3 Nbd7 {LiveBook: 3 Games. B90: Sicilian Najdorf: Unusual White 6th moves, 6 Be3 Ng4 and 6 Be3 e5} (8... Be6 9. Qd2 Nbd7 10. g4 Nb6 11. O-O-O Rc8 12. h4 O-O 13. Kb1 Nc4 14. Bxc4 Rxc4 15. h5 h6 16. g5 hxg5 17. Bxg5 Kh7 18. Qd3 Qc8 {1-0 (35) Ponomariov,R (2692)-Naiditsch,A (2710) Linares 2017}) 9. Qd2 Qc7 10. g4 h6 {White is slightly better.} 11. O-O-O b5 12. Kb1 Bb7 13. a3 $146 ({Predecessor:} 13. Bxb5 axb5 14. Nxb5 Qc6 15. Nxd6+ Qxd6 16. Qxd6 Bxd6 17. Rxd6 {1-0 (42) Georgiev,V (2332)-Smatoc,M (2090) Malente 2004}) 13... Rc8 14. h4 $1 Nb6 15. Na5 Ba8 (15... d5 $16) 16. Bh3 $1 $18 Rd8 17. g5 Nh5 18. Qf2 Rb8 19. Bg4 (19. gxh6 $16 gxh6 20. Rhg1) 19... Nf4 $1 $14 20. Bxf4 exf4 21. Qd4 Kf8 22. Qd2 ({Better is} 22. g6 $1 $16) 22... hxg5 $2 (22... Na4 $11 23. Nd5 Bxd5 24. exd5 b4 25. axb4 Nxb2 26. Kxb2 Qxa5) 23. hxg5 $18 {[%cal Rh1h8]} Rxh1 24. Rxh1 {[%cal Rh1h8]} Bxg5 {[#]} 25. Rh8+ $2 ({White must play} 25. Ne2 $1 $18) 25... Ke7 $11 26. Rxb8 Qxb8 27. Nd5+ (27. Na2 $15) 27... Nxd5 $17 28. exd5 {[#]} Qc7 {Precision: White = 53%, Black = 56%.} ({Black should try} 28... Qb6 $1 $17 29. Qe1+ Kd8 30. Nc6+ Bxc6 31. dxc6 Qxc6) 1/2-1/2

[Event "ESTCC U50 2018"]
[Site "Walbrzych"]
[Date "2018.04.15"]
[Round "2"]
[White "Kowalczuk, Wojciech"]
[Black "Wagner-Michel, Annett"]
[Result "0-1"]
[WhiteElo "2049"]
[BlackElo "2104"]
[Annotator "TA"]
[PlyCount "119"]
[EventDate "2018.??.??"]
[EventCountry "POL"]
[SourceTitle "playchess.com"]
[Source "ChessBase"]
[SourceQuality "1"]
[WhiteTeam "Poland"]
[BlackTeam "Germany"]
[WhiteTeamCountry "POL"]
[BlackTeamCountry "GER"]

{[%evp 21,119,0,0,0,1,-22,-27,-12,-13,-18,0,-52,0,0,0,-43,-37,-36,-41,-36,-30,-39,-35,-55,-36,-61,-54,-103,-107,-98,-79,-194,-164,-375,-355,-315,-313,-375,-369,-361,-20,-127,-22,-23,-27,-109,-97,-142,-140,-152,-138,-312,-308,-297,-158,-123,-22,-30,0,-180,-67,-56,-40,-260,-136,-213,-80,-296,-262,-560,-535,-680,-659,-660,-652,-1696,-333,-327,-325,-275,-322,-306,-299,-278,-250,-172,-189,-296,-269,-287,-262,-261,0,-471,-446,-6544,-5081,-12841,-12839,-29993]} 1. e4 c5 2. Nf3 Nc6 3. d4 cxd4 4. Nxd4 Nf6 5. Nc3 d6 6. Be2 e5 7. Nb3 Be7 8. Be3 a5 9. a4 Be6 10. O-O O-O 11. Bf3 Nb4 {LiveBook: 6 Games} 12. Re1 {B59: Classical Sicilian: 6 Be2 e5 7 Nb3} Rc8 (12... Qc7 13. Bg5 Rfd8 14. h3 d5 15. exd5 Nfxd5 16. Nxd5 Bxd5 17. Bxe7 Qxe7 18. Bxd5 Rxd5 19. Qf3 Rdd8 20. Re2 Qc7 21. c3 Nc6 {½-½ (21) Krivokapic,M (2412)-Kosic,D (2507) Cetinje 2016}) 13. Rc1 h6 $146 ({Predecessor:} 13... d5 14. exd5 Nfxd5 15. Nxd5 Nxd5 16. Bxd5 Bxd5 {½-½ (35) Cespedes,C (2093)-Tovio,I (2344) Cartagena 2016}) 14. h3 {Black has an edge.} Re8 15. Qd2 Bc4 16. Red1 (16. Be2 $11) 16... Nd3 17. Rb1 Nb4 18. Rbc1 b6 19. Be2 Bxe2 20. Qxe2 Rxc3 $1 21. bxc3 Na2 22. f3 Nxc1 23. Nxc1 Qc7 $1 24. Qf2 Nd7 25. Ne2 Qc4 26. Rd2 (26. Ng3 $17) 26... Qxa4 $19 27. Bxb6 $2 (27. Ng3) 27... Nxb6 28. Qxb6 Qa1+ 29. Kh2 Qe1 30. Qb5 Kf8 $2 (30... Qxd2 $19 31. Qxe8+ Bf8) 31. Qd3 {[#]} (31. Rd5 $1 $11) 31... Rd8 ({Black should play} 31... d5 $1 $17 {[%cal Rd5e4][%mdl 512]} 32. Ng3 (32. Qxd5 Rd8) 32... dxe4 33. Nxe4 Rd8) 32. Rd1 $11 Qf2 33. Ng3 (33. Ra1 $11) 33... g6 $17 34. Rf1 Qc5 35. Ne2 d5 36. exd5 $2 (36. f4 $17 {might work better.}) 36... Rxd5 $19 37. Qa6 Rd2 ({Better is} 37... Rd6 $19 38. Qb7 Rd8) 38. Ng3 $17 {aiming for Ne4.} Qc7 (38... Rxc2 $17 39. Ne4 Qd5) 39. Ne4 $11 Rd8 40. g3 $2 {[#]} (40. Ra1 $11) 40... Kg7 (40... a4 $1 $19 {[%mdl 512]} 41. h4 (41. Qxa4 f5) 41... a3) 41. g4 $15 Rd7 42. Rf2 $2 (42. Qb5 $15) 42... Rd1 (42... Qa7 $1 $19 {[%cal Ra7a6]} 43. Qb5 Rd1) 43. Kg2 (43. c4 $17) 43... Bh4 (43... Qd8 $1 $19 44. Qb5 a4 $1 {[%mdl 512]}) 44. Re2 $2 (44. Rf1 $17 {was forced.} Qd8 45. Rxd1 Qxd1 46. Qxa5) 44... f5 $1 $19 {[%cal Rf5e4]} 45. Nf2 $2 (45. Rd2 {keeps fighting.} Rxd2+ 46. Nxd2) 45... e4 {[%csl Gh4][%cal Rc7g3]} 46. Nxd1 exf3+ 47. Kf1 fxe2+ 48. Kxe2 Qh2+ $2 (48... Qe7+ 49. Ne3 f4) 49. Kd3 Qxh3+ 50. Ne3 Bf2 $1 ({Weaker is} 50... fxg4 51. Qa7+ Kg8 52. Qa8+ Kf7 53. Qd5+ Kf8 54. Qa8+ Kf7 55. Qd5+ Kf8 56. Qa8+ Kg7 57. Qa7+ Kg8 58. Qa8+ Kf7 $11) 51. Qa7+ Kf6 52. Qd4+ Kg5 $1 53. Qd8+ Kf4 54. Qd6+ {[#]} (54. Qd4+ {is a better defense.} Kf3 55. Qd5+ Kg3 56. gxf5 gxf5 57. Nd1) 54... Kf3 $1 55. Qc6+ {[#]} Kg3 $1 {Strongly threatening ...f4.} ({But not} 55... Kf4 56. Qd6+ Kf3 57. Qc6+ Kg3 58. gxf5 $19) 56. gxf5 {Black must now prevent f6.} gxf5 $2 (56... Bxe3 $1 $19 57. Kxe3 Qxf5 58. Qd6+ Kg2 59. Qd2+ Kh3) 57. Qd6+ $2 {[%mdl 8192]} (57. Qxh6 $1 $11 {and White stays safe.} Qxh6 58. Nxf5+ Kf4 59. Nxh6) 57... f4 {Black is clearly winning.} 58. Qg6+ (58. Nd1 $142 Kg2+ 59. Kc4) 58... Kh2 59. Qxh6 Bxe3 60. Qh4 {Precision: White = 21%, Black = 45%.} 0-1

[Event "ESTCC U50 2018"]
[Site "Walbrzych"]
[Date "2018.04.15"]
[Round "2"]
[White "Van de Wynkele, Herman"]
[Black "Bruno, Fabio"]
[Result "1/2-1/2"]
[WhiteElo "2048"]
[BlackElo "2439"]
[Annotator "TA"]
[PlyCount "125"]
[EventDate "2018.??.??"]
[EventCountry "POL"]
[SourceTitle "playchess.com"]
[Source "ChessBase"]
[SourceQuality "1"]
[WhiteTeam "Belgium"]
[BlackTeam "Italy"]
[WhiteTeamCountry "BEL"]
[BlackTeamCountry "ITA"]

{[%evp 23,125,21,26,0,0,-12,-16,-26,-29,-58,0,0,0,0,-2,-12,-6,-9,-7,-2,-12,-7,40,55,64,7,9,19,12,13,42,52,51,41,37,26,25,16,262,16,24,-192,-78,-92,-82,-76,-79,-82,-38,-28,0,0,0,0,0,-16,-4,-107,-28,-83,-87,-87,-28,-28,-28,-28,-28,-28,-28,-28,-28,-28,-28,-28,-28,-28,-13,-17,-17,-17,-7,-7,0,-18,-8,-21,-21,-19,-8,-14,-8,-8,0,-8,-8,-8,0,0,0,0,0,0,0,0]} 1. e4 c5 2. Ne2 Nc6 3. d4 cxd4 4. Nxd4 Qb6 5. Nb3 Nf6 6. Be3 Qc7 7. Nc3 e6 8. a3 a6 {B33: Sicilian: Pelikan and Sveshnikov Variations} 9. Bd3 (9. f4 d6 10. g4 b5 11. g5 Nd7 12. h4 Bb7 13. h5 Nb6 14. Qf3 b4 15. Qf2 bxc3 16. Bxb6 Qc8 17. bxc3 Be7 {1-0 (41) Bogner,S (2599)-Naiditsch,A (2702) Douglas 2017}) 9... d6 10. O-O b5 11. f4 Bb7 12. Qe2 Be7 {LiveBook: 7 Games} 13. h3 Rc8 14. Rae1 $146 ({Predecessor:} 14. Nd4 Na5 15. f5 e5 16. Nf3 O-O 17. Nd2 Nc4 18. Bxc4 bxc4 {0-1 (89) Urban,Z (2130)-Meskovs,N (2177) Mlada Boleslav 2008}) 14... O-O 15. Bf2 Nd7 16. Bg3 b4 (16... Bf6 $15) 17. Nd5 $11 exd5 18. exd5 Bf6 19. Qe4 {[%csl Gd3][%cal Re4h7]} g6 {Strongly threatening ...Ne7.} 20. dxc6 Bxc6 21. Qxb4 Bxb2 22. f5 $36 {[%mdl 2048] White has good play.} Be5 23. Bxe5 Nxe5 24. f6 ({White should try} 24. Qh4 $14) 24... Kh8 25. Nd2 Bd5 26. Qh4 Qc5+ 27. Kh2 Nxd3 ({Not} 27... Qxa3 $2 28. Qh6 $18) 28. cxd3 g5 (28... Qxa3 29. Rf4 $18) 29. Qh5 {Rc1 is the strong threat.} Qd4 30. Ne4 Qxd3 $2 (30... Bxe4 $1 $11 {and Black has nothing to worry.} 31. Rxe4 Qxd3 32. Qxg5 Rg8) 31. Qh6 $2 (31. Rf3 $1 $18 {[%cal Rf3d3]} Qxe4 32. Rxe4 Bxe4 33. Rf2) 31... Rg8 32. Nf2 $2 (32. Rf3 $11 {and White is okay.} Qc2 33. Nxg5) 32... Qg6 (32... Qd4 $19 {has better winning chances.} 33. Kh1 Qb2) 33. Qxg6 Rxg6 ({Don't play} 33... fxg6 $6 34. Re7 $11) 34. Ng4 h5 35. Ne3 Be6 36. Rd1 Rc3 37. Nd5 $1 {[%cal Rd5c3]} Bxd5 38. Rxd5 Rxa3 {[%mdl 4096] Endgame KRR-KRR} 39. Rff5 Kh7 40. Rxd6 {[#]} (40. Rxg5 $11 Rxg5 41. Rxg5) 40... Rg8 (40... h4 $1 $17 41. Rd8 Rg3) 41. h4 {[#]} (41. Rdd5 $11 {remains equal.}) 41... Ra4 $1 $17 {[%cal Ra4h4]} 42. hxg5 Kg6 ({Better is} 42... Rb8 $17) 43. Rdd5 $1 $11 Rb8 44. Ra5 Rh4+ 45. Kg1 Rg4 46. Rf2 Rb1+ 47. Kh2 Rh4+ 48. Kg3 Rc4 49. Rxa6 h4+ 50. Kh2 {The position is equal.} Rcc1 {[%csl Gb1][%cal Rc1h1]} 51. Kh3 Rb3+ 52. Kh2 Rbb1 {[%csl Gb1][%cal Rc1h1]} 53. Kh3 Rh1+ 54. Kg4 {And now Ra8 would win.} Rb5 55. Ra4 Rxg5+ 56. Kf3 Rb5 57. Rg4+ Kf5 {( -> ...Rb3+)} 58. Rf4+ Kg5 59. Rg4+ Kh5 {White must now prevent ...Rb3+.} 60. Rg7 Ra1 61. g4+ Kh6 62. Kg2 Ra7 63. Kh3 {Precision: White = 51%, Black = 55%.} 1/2-1/2

[Event "ESTCC U50 2018"]
[Site "Walbrzych"]
[Date "2018.04.15"]
[Round "2"]
[White "Wielosz, Jaroslaw"]
[Black "Germann, Martin"]
[Result "1-0"]
[WhiteElo "2038"]
[BlackElo "1755"]
[Annotator "NA RC"]
[PlyCount "65"]
[EventDate "2018.??.??"]
[EventCountry "POL"]
[SourceTitle "playchess.com"]
[Source "ChessBase"]
[SourceQuality "1"]
[WhiteTeam "Poland"]
[BlackTeam "Switzerland"]
[WhiteTeamCountry "POL"]
[BlackTeamCountry "SUI"]
[TimeControl "40/5400+30:1800+30"]

1. c4 Nf6 2. Nc3 c5 3. Nf3 d6 {A34: Symmetrical English: 2 Nc3, lines with ...d5} (3... Nc6 4. e3 e6 5. d4 d5 6. a3 dxc4 7. Bxc4 a6 8. O-O b5 9. Ba2 Bb7 10. Qe2 Qc7 11. Bd2 Be7 12. Rac1 c4 13. e4 Rd8 14. Be3 Ng4 15. e5 Na5 16. Bf4 Qb6 17. Rcd1 h5 18. h3 {½-½ (96) Ding,L (2769)-Grischuk,A (2767) Berlin 2018}) 4. g3 a6 5. Bg2 Qc7 6. d3 e6 7. a3 Be7 8. O-O O-O 9. Rb1 b6 $146 ({Predecessor:} 9... Bd7 10. b3 Bc6 11. Bb2 {1-0 (44) Pallos,L (2250)-Mike,A (1900) Fuzesabony 1994}) 10. Bd2 Bb7 11. b4 cxb4 12. axb4 Nbd7 13. Qb3 Rab8 14. Rfc1 Rfc8 15. b5 Nc5 16. Qd1 a5 17. Nd4 Bxg2 18. Kxg2 Qb7+ 19. Nc6 Ra8 20. d4 Nce4 21. Nxe4 Nxe4 22. f3 Nxd2 23. Qxd2 Bf6 24. e3 Re8 25. f4 e5 26. fxe5 dxe5 $14 27. d5 e4 28. Rf1 a4 29. Rxf6 gxf6 30. Qd4 Kg7 31. Rf1 a3 32. Qxf6+ Kg8 33. Rf5 1-0

[Event "ESTCC U50 2018"]
[Site "Walbrzych"]
[Date "2018.04.15"]
[Round "2"]
[White "De la Orden Alcocer, Alejandro"]
[Black "Telenius, Kimmo"]
[Result "1/2-1/2"]
[WhiteElo "2013"]
[BlackElo "1603"]
[Annotator "NA RC"]
[PlyCount "109"]
[EventDate "2018.??.??"]
[EventCountry "POL"]
[SourceTitle "playchess.com"]
[Source "ChessBase"]
[SourceQuality "1"]
[WhiteTeam "Spain"]
[BlackTeam "Finland"]
[WhiteTeamCountry "ESP"]
[BlackTeamCountry "FIN"]
[TimeControl "40/5400+30:1800+30"]

1. c4 {[%emt 0:00:28]} d6 {[%emt 0:00:16]} 2. g3 {[%emt 0:00:35]} Nf6 {[%emt 0:00:40]} 3. Bg2 {[%emt 0:00:19]} g6 {[%emt 0:00:39]} 4. Nc3 {[%emt 0:00:10]} Bg7 {[%emt 0:00:20]} 5. Nf3 {[%emt 0:00:37]} O-O {[%emt 0:01:40]} 6. Rb1 {[%emt 0:00:14]} Re8 {[%emt 0:00:59]} 7. O-O {[%emt 0:00:27]} e5 {[%emt 0:01:50]} 8. d3 {[%emt 0:00:08]} Nc6 {[%emt 0:02:31]} 9. Bg5 {[%emt 0:02:40]} h6 {[%emt 0:02:03] A26: English Opening vs King's Indian with ...Nc6 and d3} 10. Bxf6 {[%emt 0:01:05] LiveBook: 19 Games} Bxf6 {[%emt 0:01:02]} 11. b4 {[%emt 0:00:42]} Rb8 $146 {[%emt 0:03:40]} ({Find the theoretical novelty and annotate with similar games:} 11... a6 12. a4 Bg7 13. b5 axb5 14. axb5 Ne7 15. Qb3 Be6 16. Nd2 c6 17. Rfc1 d5 18. Qb4 Nf5 19. bxc6 bxc6 20. Qb6 Rc8 21. Qxd8 Rexd8 22. Na4 Bf8 23. e3 Rb8 24. Ra1 d4 {0-1 (58) Valdes Romero,L (2402)-Cuenca Jimenez,J (2483) Roquetas de Mar 2015}) 12. Re1 {[%emt 0:05:11]} Be6 {[%emt 0:02:52]} 13. Nd2 {[%emt 0:03:08]} Qd7 {[%emt 0:04:04]} 14. b5 {[%emt 0:01:15]} Ne7 {[%emt 0:02:00]} 15. Qb3 {[%emt 0:07:51]} Bg7 {[%emt 0:07:01]} 16. Qa3 {[%emt 0:00:43]} d5 {[%emt 0:07:51]} 17. cxd5 {[%emt 0:00:51]} Nxd5 {[%emt 0:04:01]} 18. Nxd5 {[%emt 0:00:03]} Bxd5 {[%emt 0:00:26]} 19. Bxd5 {[%emt 0:00:02]} Qxd5 {[%emt 0:00:28]} 20. Rec1 {[%emt 0:00:02]} Bf8 {[%emt 0:02:20]} 21. Qa4 {[%emt 0:16:53]} Rbc8 {[%emt 0:07:26]} 22. Qxa7 {[%emt 0:04:31]} Ra8 {[%emt 0:01:26]} 23. Ne4 {[%emt 0:00:14]} Kg7 {[%emt 0:03:00]} ({Avoid the trap} 23... Qxe4 $2 24. Qxa8 Rxa8 25. dxe4 $18) 24. Nc3 {[%emt 0:00:11]} Rxa7 {[%emt 0:05:03]} 25. Nxd5 {[%emt 0:00:03]} Rxa2 {[%emt 0:03:33]} 26. Nxc7 {[%emt 0:01:04]} Rd8 {[%emt 0:01:11]} 27. Kf1 {[%emt 0:00:45]} e4 {[%emt 0:01:06]} 28. Rc3 $2 {[%emt 0:06:17]} ({Better is} 28. dxe4 $16 Rdd2 29. Re1) 28... b6 {[%emt 0:04:06]} 29. Na6 {[%emt 0:07:33]} exd3 {[%emt 0:02:41]} 30. Rxd3 {[%emt 0:00:03]} Rc8 {[%emt 0:01:07]} (30... Rxd3 $11 31. exd3 Rd2) 31. Rd7 {[%emt 0:07:59]} Rcc2 {[%emt 0:00:54]} 32. Nb4 {[%emt 0:00:27]} Rab2 {[%emt 0:01:22]} 33. Rxb2 {[%emt 0:10:11]} Rxb2 {[%emt 0:00:20]} 34. Nc6 {[%emt 0:00:13]} Rxb5 {[%emt 0:01:52]} 35. Nd8 {[%emt 0:00:02]} Rf5 {[%emt 0:00:51]} 36. e4 {[%emt 0:05:18]} Re5 {[%emt 0:04:24]} 37. Nxf7 {[%emt 0:01:46]} Re7 {[%emt 0:00:43]} 38. Rxe7 {[%emt 0:00:55]} Bxe7 {[%emt 0:00:16]} 39. Ne5 {[%emt 0:00:14]} b5 {[%emt 0:00:38]} 40. Ke2 {[%emt 0:00:00]} b4 {[%emt 0:01:44]} 41. Kd2 {[%emt 0:04:48]} h5 {[%emt 0:04:14]} 42. h3 {[%emt 0:01:19]} g5 {[%emt 0:00:50]} 43. Nd3 {[%emt 0:00:22]} Kf6 {[%emt 0:01:42]} 44. Kc2 {[%emt 0:02:16]} g4 {[%emt 0:03:59]} 45. h4 {[%emt 0:03:14]} Bf8 {[%emt 0:05:01]} 46. Nf4 {[%emt 0:00:47]} Bc5 {[%emt 0:00:56]} 47. Nd3 {[%emt 0:01:15]} Bd4 {[%emt 0:01:24]} 48. Kb3 {[%emt 0:00:25]} Bc3 {[%emt 0:00:39]} 49. Kc4 {[%emt 0:01:04]} Ke6 {[%emt 0:01:00]} 50. Kb3 {[%emt 0:11:36]} Bd2 {[%emt 0:01:18]} 51. Kc2 {[%emt 0:03:20]} Bc3 {[%emt 0:00:39]} 52. Kd1 {[%emt 0:00:13]} Bd4 {[%emt 0:02:23]} 53. Kd2 {[%emt 0:05:24]} b3 $11 {[%emt 0:03:08]} 54. Kd1 {[%emt 0:05:29]} Kf6 {[%emt 0:01:00]} 55. Kc1 {[%emt 0:01:10]} 1/2-1/2

[Event "ESTCC U50 2018"]
[Site "Walbrzych"]
[Date "2018.04.15"]
[Round "2"]
[White "Roth, Martin"]
[Black "Ograbek, Grzegorz"]
[Result "0-1"]
[WhiteElo "2008"]
[BlackElo "2140"]
[Annotator "NA RC"]
[PlyCount "67"]
[EventDate "2018.??.??"]
[EventCountry "POL"]
[SourceTitle "playchess.com"]
[Source "ChessBase"]
[SourceQuality "1"]
[WhiteTeam "SUI"]
[BlackTeam "POL"]
[WhiteTeamCountry "GER"]
[BlackTeamCountry "POL"]
[TimeControl "40/5400+30:1800+30"]

1. e4 {[%emt 0:00:00]} e6 {[%emt 0:00:14]} 2. d4 {[%emt 0:00:00]} d5 {[%emt 0:00:07]} 3. Nc3 {[%emt 0:00:17]} Nf6 {[%emt 0:00:08]} 4. Bg5 {[%emt 0:00:24]} dxe4 {[%emt 0:00:24]} 5. Nxe4 {[%emt 0:00:23]} Be7 {[%emt 0:00:08]} 6. Nxf6+ {[%emt 0:05:13]} gxf6 {[%emt 0:01:09]} 7. Bf4 {[%emt 0:00:56]} c5 {[%emt 0:05:53]} 8. dxc5 {[%emt 0:00:32]} Qxd1+ {[%emt 0:04:41]} 9. Rxd1 {[%emt 0:00:14]} Bxc5 {[%emt 0:00:17]} 10. Bd6 {[%emt 0:08:16] C13: French: Classical System: 4 Bg5 Be7, Alekhine-Chatard Attack} Bxd6 {[%emt 0:04:15]} 11. Rxd6 {[%emt 0:00:17]} Bd7 $146 {[%emt 0:00:13]} ({Predecessor:} 11... Nc6 12. Bb5 Bd7 13. Ne2 Rg8 14. O-O Ke7 15. Rfd1 Rad8 16. Ng3 a6 17. Ba4 b5 {0-1 (68) Hasenoehrl,M-Pronold,H (2315) Freilassing 1992}) 12. Be2 {[%emt 0:07:11]} Nc6 {[%emt 0:05:08]} 13. c3 {[%emt 0:00:32]} Rg8 {[%emt 0:05:25]} 14. g3 {[%emt 0:01:03]} Ne5 {[%emt 0:02:11]} 15. f3 {[%emt 0:00:52]} (15. Nh3 $15) 15... Bc6 {[%emt 0:00:15]} 16. Kf2 {[%emt 0:00:19]} Bd5 {[%emt 0:01:08]} 17. Bb5+ {[%emt 0:11:30]} Ke7 {[%emt 0:00:27]} 18. Rxd5 {[%emt 0:00:09]} exd5 {[%emt 0:00:18]} 19. Ne2 {[%emt 0:00:17]} (19. f4 $17) 19... a6 {[%emt 0:00:18]} 20. Ba4 {[%emt 0:00:03]} Nd3+ {[%emt 0:06:39]} 21. Kg2 {[%emt 0:00:46]} Nxb2 {[%emt 0:00:10]} 22. Bc2 {[%emt 0:00:12]} Kd6 {[%emt 0:04:19]} 23. Bxh7 {[%emt 0:00:50]} Rge8 {[%emt 0:04:32]} 24. Nd4 {[%emt 0:01:07]} b5 {[%emt 0:02:59]} 25. Bf5 {[%emt 0:03:18]} Re3 {[%emt 0:05:04]} 26. Rb1 {[%emt 0:02:02]} Na4 {[%emt 0:08:37]} 27. Bc2 {[%emt 0:01:21]} Rxc3 {[%emt 0:00:14]} 28. Bxa4 {[%emt 0:00:07]} bxa4 {[%emt 0:00:10]} 29. Rd1 {[%emt 0:04:00]} Rb8 {[%emt 0:00:54]} 30. Rd2 {[%emt 0:00:02]} a3 {[%emt 0:00:44]} 31. Kf2 {[%emt 0:01:05]} Rb2 $19 {[%emt 0:00:22]} 32. Ke2 {[%emt 0:00:02]} Kc5 {[%emt 0:00:32]} 33. Nb3+ {[%emt 0:00:39]} Rcxb3 {[%emt 0:00:21]} 34. axb3 {[%emt 0:00:02]} 0-1

[Event "ESTCC U50 2018"]
[Site "Walbrzych"]
[Date "2018.04.15"]
[Round "2"]
[White "Czyz, Andrzej"]
[Black "Aegerter, Klaus"]
[Result "1-0"]
[WhiteElo "1999"]
[BlackElo "1731"]
[Annotator "NA RC"]
[PlyCount "124"]
[EventDate "2018.??.??"]
[EventCountry "POL"]
[SourceTitle "playchess.com"]
[Source "ChessBase"]
[SourceQuality "1"]
[WhiteTeam "Poland"]
[BlackTeam "Switzerland"]
[WhiteTeamCountry "POL"]
[BlackTeamCountry "SUI"]
[TimeControl "40/5400+30:1800+30"]

1. f4 {[%emt 0:00:00]} g6 {[%emt 0:01:07]} 2. e4 {[%emt 0:01:25]} Bg7 {[%emt 0:00:29]} 3. Nf3 {[%emt 0:00:36]} d6 {[%emt 0:00:37]} 4. Bc4 {[%emt 0:00:34]} e6 {[%emt 0:01:37]} 5. O-O {[%emt 0:02:22] B07: Pirc Defence: Miscellaneous Systems} (5. d3 Ne7 6. Bb3 a6 7. Nc3 b5 8. a4 b4 9. Ne2 a5 10. Ng3 O-O 11. O-O c5 12. h4 Kh8 {1-0 (21) Predke,A (2601)-Basiev,V (1990) Sochi 2017}) 5... Nf6 {[%emt 0:03:26]} 6. Qe2 {[%emt 0:01:38]} ({Better is} 6. e5 $14 Nfd7 7. d4) 6... O-O {[%emt 0:00:53]} 7. Bb3 $146 {[%emt 0:00:22]} ({Find the theoretical novelty and annotate with similar games:} 7. Nc3 c6 8. d3 b5 9. Bb3 a5 10. a4 b4 11. Nd1 Ba6 12. Nf2 c5 {0-1 (68) Amoros Aguilar,L-Prats Rodriguez,J (2166) Barcelona 2002}) 7... c5 {[%emt 0:03:01]} 8. Nc3 {[%emt 0:05:54]} Nc6 {[%emt 0:03:10]} 9. d3 {[%emt 0:03:11]} a6 {[%emt 0:08:21]} 10. a4 {[%emt 0:00:40]} Bd7 {[%emt 0:03:56]} 11. h3 {[%emt 0:01:57]} Rb8 {[%emt 0:06:53]} 12. e5 {[%emt 0:03:18]} dxe5 {[%emt 0:08:49]} 13. fxe5 {[%emt 0:01:36]} Ne8 {[%emt 0:06:48]} 14. Be3 {[%emt 0:02:03]} b6 {[%emt 0:01:35]} 15. Bf2 {[%emt 0:01:06]} Qc7 {[%emt 0:07:23]} 16. Rae1 {[%emt 0:02:56]} Ne7 {[%emt 0:03:28]} 17. d4 {[%emt 0:09:38]} cxd4 {[%emt 0:02:19]} 18. Bxd4 {[%emt 0:01:36]} Nf5 {[%emt 0:03:38]} 19. Bf2 {[%emt 0:00:37]} b5 {[%emt 0:01:33]} 20. axb5 {[%emt 0:01:07]} axb5 {[%emt 0:00:05]} 21. Nd4 {[%emt 0:07:38]} Nxd4 {[%emt 0:02:01]} 22. Bxd4 {[%emt 0:00:06]} b4 {[%emt 0:01:13]} 23. Ne4 {[%emt 0:08:25]} Bb5 {[%emt 0:00:50]} 24. Qe3 {[%emt 0:01:04]} Bxf1 {[%emt 0:00:17]} 25. Rxf1 {[%emt 0:00:06]} h6 {[%emt 0:07:15]} ({Black should try} 25... Bxe5 $17 26. Bxe5 Qxe5 27. Nf6+ Qxf6 28. Rxf6 Nxf6) 26. Nc5 {[%emt 0:03:58]} Rd8 {[%emt 0:05:01]} 27. Nd3 {[%emt 0:01:05]} Qc8 {[%emt 0:03:35]} 28. Bc5 {[%emt 0:01:35]} ({Don't take} 28. Nxb4 Nc7 $14) 28... Nc7 {[%emt 0:00:52]} 29. Bxf8 {[%emt 0:01:26]} Bxf8 {[%emt 0:00:19]} 30. Qf4 {[%emt 0:05:08]} Rd7 {[%emt 0:03:19]} 31. Ba4 {[%emt 0:00:52]} Re7 {[%emt 0:02:12]} 32. Qxb4 {[%emt 0:00:49]} Nd5 {[%emt 0:00:47]} 33. Qe4 {[%emt 0:00:46]} Rc7 {[%emt 0:00:55]} 34. Bb3 {[%emt 0:00:44]} Rd7 {[%emt 0:01:12]} 35. Kh1 {[%emt 0:00:39]} Qc7 {[%emt 0:02:05]} 36. Qf3 {[%emt 0:02:41]} Bg7 {[%emt 0:00:52]} 37. Ba4 {[%emt 0:01:38]} Re7 {[%emt 0:00:51]} 38. Qe4 {[%emt 0:00:47]} Qa7 {[%emt 0:00:56]} 39. Bb3 {[%emt 0:02:52]} Rd7 {[%emt 0:00:19]} 40. Re1 {[%emt 0:00:00]} Ne7 {[%emt 0:01:59]} 41. Qe3 {[%emt 0:05:25]} Qa5 {[%emt 0:02:01]} 42. Qc5 {[%emt 0:02:03]} Qd2 {[%emt 0:03:04]} 43. Rf1 {[%emt 0:03:21]} Qg5 {[%emt 0:05:21]} 44. Qf2 {[%emt 0:04:33]} Nf5 {[%emt 0:04:23]} 45. Kg1 {[%emt 0:02:53]} h5 {[%emt 0:03:46]} 46. Ba4 {[%emt 0:03:27]} Rd4 {[%emt 0:01:44]} 47. Bb3 {[%emt 0:01:23]} Rh4 {[%emt 0:01:52]} 48. Kh2 {[%emt 0:01:33]} Rd4 {[%emt 0:01:32]} 49. g3 {[%emt 0:01:08]} Kh7 {[%emt 0:02:54]} 50. Re1 {[%emt 0:00:47]} Rd7 {[%emt 0:08:38]} (50... Qd8 $17) 51. Re4 {[%emt 0:01:26]} Bh6 {[%emt 0:01:07]} 52. Ba4 {[%emt 0:05:07]} Rd8 {[%emt 0:00:43]} 53. b4 {[%emt 0:01:03]} Ra8 {[%emt 0:01:45]} 54. b5 {[%emt 0:00:13]} Kg7 {[%emt 0:01:40]} 55. b6 {[%emt 0:00:30]} Ne3 $2 {[%emt 0:00:20]} (55... Rb8 $11 {and Black stays safe.}) 56. b7 {[%emt 0:00:58]} Rb8 {[%emt 0:00:07]} 57. Bc6 {[%emt 0:00:28]} Qd8 $2 {[%emt 0:00:26]} (57... Nf5 58. Ra4 Qe7) 58. Rxe3 {[%emt 0:00:36]} Qb6 {[%emt 0:00:31]} 59. Qf6+ {[%emt 0:00:12]} Kg8 {[%emt 0:00:30]} 60. Rf3 {[%emt 0:01:03]} Rf8 {[%emt 0:01:21]} 61. Be4 {[%emt 0:00:28]} Qb1 {[%emt 0:00:44]} 62. Bxg6 $18 {[%emt 0:01:50]} Qb4 1-0